| 000 | 01057nam0a22002771 4500 | ||
|---|---|---|---|
| 001 | rc\1137758 | ||
| 005 | 20250622193728.0 | ||
| 035 | _a(NLR Aleph) 006384495 | ||
| 090 |
_a5104407 _c5104407 |
||
| 100 | _a20041129d1980 |||y0rusy50 ca | ||
| 101 | 0 | _arus | |
| 102 | _aRU | ||
| 105 | _aa ||||||||| | ||
| 200 | 1 | _aРоль сурков в формировании горных экосистем Средней Азии | |
| 210 |
_aФрунзе _cИлим _d1980 |
||
| 215 |
_a108 с., 1 л. схем. _cил. _d22 |
||
| 300 | _aВ надзаг.: АН КиргССР, Тянь-Шан. высокогорн. физ.-геогр. станция, Ин-т географии АН СССР | ||
| 320 | _aБиблиогр.: с. 99-103 | ||
| 700 | 1 |
_aЗимина _bР.П. _f1923- _gРимма Петровна |
|
| 701 | 1 |
_4070 _7ca _8rus _aЗлотин _bР.И. _f1940- _gРоман Исаевич _9249161 _3RU\NLR\AUTH\770249217 |
|
| 801 | 0 |
_aRU _bNLR _gpsbo |
|
| 801 | 1 |
_aRU _bELAR _2rusmarc |
|
| 852 |
_aNLR _j80-5/3786 |
||
| 942 | _cBOOK | ||
| 980 | _aNB | ||